| 000 | 00789nam a2200217 a 4500 | ||
|---|---|---|---|
| 001 | 1672 | ||
| 003 | CDMR | ||
| 005 | 20131128114201.0 | ||
| 008 | 130130s2003||||||||||||||||||||||||||||d | ||
| 020 | _a8449023084 (UAB) | ||
| 040 |
_aCDMR _bcat _cCDMR |
||
| 240 | _aInforme de la comunicació a Catalunya | ||
| 245 | 1 | 0 |
_aInforme de la comunicació a Catalunya 2001-2002 _cMaria Corominas Piulats, Miquel de Moragas Spà (editors) ; |
| 260 |
_aBellaterra [etc.] _c2003 _bUniversitat Autònoma de Barcelona. Servei de Publicacions [etc.] |
||
| 300 | _a330 p. | ||
| 490 | 0 |
_aAldea Global. _aDocuments _v1 |
|
| 700 | 1 |
_92139 _aCorominas, Maria |
|
| 700 | 1 |
_9475 _aMoragas Spà, Miquel de |
|
| 710 | 2 |
_91253 _aUniversitat Autònoma de Barcelona _b -- Institut de la Comunicació |
|
| 942 |
_cMON _2udc |
||
| 999 |
_c1672 _d1672 |
||